000 02008nam0a22003371 4500
001 rc\3316042
005 20250609230322.0
021 _aRU
_b72-42075
021 _aRU
_bРг12155-72
035 _a(NLR Aleph) 007543368
090 _a9775685
_c9775685
100 _a20130115d1972 |||y0rusy50 ca
101 0 _arus
102 _aRU
105 _ay z |||||
200 1 _aСовершенствование горного хозяйства и внедрение НОТ, обеспечивающие достижение высокой производительности труда в очистных забоях
_e[Тезисы
210 _aМосква
_cБ. и.
_d1972
215 _a10 с.
_d21
225 1 _aМинистерство угольной промышленности СССР. Отраслевая всесоюзная научно-техническая конференция по производительности труда
_vБ. 4
300 _aПеред загл. авт.: Б.Н. Игнатьев, П.Т. Есипов; на 1-й с. - Б.Н. Иганьев, П.Т. Есипов, канд. техн. наук
532 1 2 _aСовершенствование горного хозяйства и внедрение научной организации труда, обеспечивающие достижение высокой производительности труда в очистных забоях
700 1 _6z01790
_aИгнатьев
_bБ.Н.
_gБорис Николаевич
701 1 _aЕсипов
_bП.Т.
_gПетр Тимофеевич
712 0 1 _aСССР. М-во угольной промышленности. Отраслевая науч.-техн. конф. по производительности труда (1972)
790 1 _6z01700
_aИгнаньев
_bБ.Н.
_gБорис Николаевич
801 0 _aRU
_bNLR
_gpsbo
801 1 _aRU
_bELAR
_2rusmarc
852 _aNLR
_j72-4/20991
942 _cBOOK
980 _aNB